| 000 | 01071cam a2200217 4500 | ||
|---|---|---|---|
| 001 | WB3931-28 | ||
| 008 | 030820n2003 000 0 eng u | ||
| 035 | _a(Sirsi) u123305 | ||
| 245 | _aDeveloping green areas in Scotland's cities | ||
| 260 | _c2003 | ||
| 490 |
_aScottish Executive News Release _v(SEEN579/2003) 5 August 2003 (3) |
||
| 520 | _aGreen spaces in urban areas in Scotland are to be protected and enhanced through a £400 000 Scottish Executive funding initiative. Over 30 projects will benefit from this funding, which will be distributed by Greenspace Scotland. Working with a wide range of partners, local greenspace trusts will 'grow' these resources into a £2.5m package of improvements. Further information about Geenspace Scotland is available at http://www.greenspacescotland.org.uk. http://www.scotland.gov.uk/pages/news/2003/08/SEEN579.aspx | ||
| 590 | _aWB | ||
| 650 | _aURBAN GREENSPACE | ||
| 650 | _aDERELICT LAND | ||
| 650 | _aBIODIVERSITY | ||
| 650 | _aWASTE LAND | ||
| 650 | _aSCOTLAND | ||
| 690 | _aREGENERATION | ||
| 942 | _n0 | ||
| 999 |
_c73243 _d73243 |
||